000
00326nam a2200133Ia 4500
005
20251222144910.0
008
251222s9999||||xx |||||||||||||| ||spa||
020
_a
978-9972-2970-3-8
082
_a
869.57/D11
100
_a
D'Angelo, Biagio
245
0
_a
Un Río de Palabras:
264
_b
Fondo Editorial UCSS
942
_c
LIB
999
_c
22322
_d
22322